logo

Bir Sreshtho Munshi Abdur Rouf Library
Jhenaidah Cadet College

Electrical machine winder / (Record no. 5928)

MARC details
000 -LEADER
fixed length control field 00826cam a2200265 4500
001 - CONTROL NUMBER
JCCL Control Number 5928
003 - CONTROL NUMBER IDENTIFIER
JCCL marc code BD-JhCC
005 - DATE AND TIME OF LATEST TRANSACTION
control field 20171231133823.0
008 - FIXED-LENGTH DATA ELEMENTS--GENERAL INFORMATION
fixed length control field 690813s1966 ru a 000 0 eng
035 ## - SYSTEM CONTROL NUMBER
system control number (BD-JhCC)5928
040 ## - CATALOGING SOURCE
Original cataloging agency DLC
Transcribing agency DLC
Modifying agency DLC
-- BD-JhCC
041 1# - LANGUAGE CODE
Language code of Book engrus
050 00 - LIBRARY OF CONGRESS CALL NUMBER
Classification number TK2391
Item number .V513
082 00 - DEWEY DECIMAL CLASSIFICATION NUMBER
Classification number 621.31/6
Author mark and Year VIN 1966
100 1# - MAIN ENTRY--PERSONAL NAME
Personal name Vinogradov, N. V.
Fuller form of name (Nikolaĭ Vladimirovich)
240 10 - UNIFORM TITLE
Uniform title Obmotchik ėlektricheskikh mashin.
245 10 - TITLE STATEMENT
Title Electrical machine winder /
Statement of responsibility, etc by N. Vinogradov. Translated from the Russian by Jacob Feinberg.
260 ## - PUBLICATION, DISTRIBUTION, ETC. (IMPRINT)
Place of publication, distribution, etc Moscow,
Name of publisher, distributor, etc Mir Publishers
Date of publication, distribution, etc 1966
300 ## - PHYSICAL DESCRIPTION
Pagination 400 p.
Other physical details illus.
Dimensions 21 cm.
500 ## - GENERAL NOTE
General note Translation of Obmotchik ėlektricheskikh mashin.
650 #0 - SUBJECT ADDED ENTRY--TOPICAL TERM
Topical term or geographic name as entry element Electric machinery
General subdivision Windings.
700 ## - ADDED ENTRY--PERSONAL NAME
Personal name Feinberg, Jacob
942 ## - ADDED ENTRY ELEMENTS (KOHA)
Source of classification or shelving scheme Dewey Decimal Classification
Koha item type Books
Holdings
Source of classification or shelving scheme Damaged status Not for loan Home library Current library Shelving location Total Checkouts Full call number Barcode Date last seen Copy number Koha item type
Dewey Decimal Classification     JCC Rouf Library JCC Rouf Library General Stacks   621.31/6 VIN 1966 7858 12/30/2017 C - 1 Books

JCC Library | Contacts | JCC Home

Last Update on 23 September 2017
Copyright @ 2017-2020 JCC Rouf Library
Rouf Library, Jhenidah Cadet College (JCC), Bangladesh